000 00567nam a22001697a 4500
005 20251108165010.0
008 250721s1984 xx 000 0 ara d
082 1 4 _a216/نظا
100 1 _aعبد الحميد، نظام الدين
245 1 0 _aمفهوم الفقه الإسلامي و تطوره و أصالته و مصادره العقلية و النقلية /
264 1 _aبيروت :
_bمؤسسة الرساله،
_c1984.
300 _a260ص
650 1 7 _aالإسلام
650 1 7 _aالفقه الإسلامي
942 _2ddc
_cBK
999 _c19498
_d19498